Preliminary results of hydrogeologic investigations in the valley of the Humboldt River near Winnemucca, Nevada. (Record no. 29887)

MARC details
000 -LEADER
fixed length control field 01345cam a22003011 4500
001 - CONTROL NUMBER
control field gs 64000305
003 - CONTROL NUMBER IDENTIFIER
control field DLC
005 - DATE AND TIME OF LATEST TRANSACTION
control field 20260227111415.0
008 - FIXED-LENGTH DATA ELEMENTS--GENERAL INFORMATION
fixed length control field 780809s1964 dcuab b f000 0 eng c
010 ## - LIBRARY OF CONGRESS CONTROL NUMBER
LC control number gs 64000305
035 ## - SYSTEM CONTROL NUMBER
System control number (OCoLC)4124212
040 ## - CATALOGING SOURCE
Original cataloging agency U.S. Geol. Survey. Library.
Transcribing agency CLS
Modifying agency OCoLC
-- DLC
042 ## - AUTHENTICATION CODE
Authentication code premarc
043 ## - GEOGRAPHIC AREA CODE
Geographic area code n-us-nv
050 00 - LIBRARY OF CONGRESS CALL NUMBER
Classification number TC801
Item number .U2 no. 1754
100 1# - MAIN ENTRY--PERSONAL NAME
Personal name Cohen, Philip M.,
Dates associated with a name 1931-
245 10 - TITLE STATEMENT
Title Preliminary results of hydrogeologic investigations in the valley of the Humboldt River near Winnemucca, Nevada.
260 ## - PUBLICATION, DISTRIBUTION, ETC.
Place of publication, distribution, etc. Washington :
Name of publisher, distributor, etc. U.S. Govt. Print. Off.,
Date of publication, distribution, etc. 1964.
300 ## - PHYSICAL DESCRIPTION
Extent v, 59 p. :
Other physical details illus., diagrs., tables, portfolio (4 fold. maps (3 col.)) ;
Dimensions 24 cm.
490 1# - SERIES STATEMENT
Series statement Geological Survey (U.S.). Water-supply paper
Volume/sequential designation 1754
500 ## - GENERAL NOTE
General note Prepared in cooperation with the Nevada Dept. of Conservation and Natural Resources.
501 ## - WITH NOTE
With note With : Geology and ground-water resources of the Los Alamos area, New Mexico. Washington : U.S. Govt. Print. Off., 1964. Bound together subsequent to publication.
Institution to which field applies DLC
504 ## - BIBLIOGRAPHY, ETC. NOTE
Bibliography, etc. note Bibliography: p. 58-59.
650 #0 - SUBJECT ADDED ENTRY--TOPICAL TERM
Topical term or geographic name entry element Geology
Geographic subdivision Nevada
-- Humboldt River Valley.
650 #0 - SUBJECT ADDED ENTRY--TOPICAL TERM
Topical term or geographic name entry element Water-supply
Geographic subdivision Nevada
-- Humboldt River Valley.
650 #0 - SUBJECT ADDED ENTRY--TOPICAL TERM
Topical term or geographic name entry element Groundwater
Geographic subdivision Nevada
-- Humboldt River Valley.
830 #0 - SERIES ADDED ENTRY--UNIFORM TITLE
Uniform title Water-supply paper (Washington, D.C.) ;
Volume/sequential designation 1754.

No items available.

Powered by Koha